00877 2200289 4500001002100000005001700021008004100038020002200079035002400101082001000125090001700135100002000152245014900172250001000321260003200331300002800363500005000391650002100441700001800462700002600480700002100506850000900527985000600536999001500542999001500557999001500572YOGYA-0209000007260420090227093633.0 ind  a978-979-687-341-8 0010-020900000072604 a289.5 a289.5bKra J aKRANENDONK, B.W aJejak seorang pekabar Injil di Papua,Gerrit KuijtcB.W Kranendonk, A.F Van Toor;penerjemah barry Van Der Schoot;editor Tri Atmo Yuwono...[et.al] aCet.1 aJakartabGunung Muliac2007 aviii,380hlmbilusc21cm aJudul asli:Ac.thei den Rom Zijn lot getuigent aBiografi kristen aToor, A.F Van aSchoot, Barry Van Der aYuwono, Tri Atmo aBPAD a3 a08P0001405 a08P0001406 a08P0001407